LEADER 01088nam0-2200301---450- 001 990005358440403321 005 20140211134839.0 035 $a000535844 035 $aFED01000535844 035 $a(Aleph)000535844FED01 035 $a000535844 100 $a19990604d1806----km-y0itay50------ba 101 0 $aita 102 $aIT 105 $af-------000yy 200 1 $aDei diritti del principato sugli antichi edifizj publici sacri e profani in occasione del Panteon di Marco Agrippa memoria dell'avvocato D. Carlo Fea [...] 210 $ain Roma$cpel Fulgoni$d1806 215 $a126 p., 4 c. di tav. rip.$cill.$d21 cm 300 $aVignetta calcografica sul frontespizio 676 $a722.7$v22 700 1$aFea,$bCarlo$f<1753-1836>$037512 801 0$aIT$bUNINA$gRICA$2UNIMARC 901 $aAQ 912 $a990005358440403321 952 $aSG 700/B 40$bARCH. 3594$fFLFBC 959 $aFLFBC 996 $aDei diritti del principato sugli antichi edifizj publici sacri e profani in occasione del Panteon di Marco Agrippa memoria dell'avvocato D. Carlo Fea$9594417 997 $aUNINA LEADER 01001nam a22002651i 4500 001 991001263069707536 005 20031028135444.0 008 040407s1993 uik|||||||||||||||||eng 020 $a033357835X 035 $ab12743781-39ule_inst 035 $aARCHE-072342$9ExL 040 $aDip.to Scienze Storiche$bita$cA.t.i. Arché s.c.r.l. Pandora Sicilia s.r.l. 082 04$a941.084 100 1 $aBaylis, John$0285736 245 14$aThe diplomacy of pragmatism :$bBritain and the formation of NATO, 1942-1949 /$cJohn Baylis 260 $aHoundmills :$bMacmillan,$c1993 300 $aXI, 194 p. ;$c23 cm 610 24$aNato$xStoria 651 4$aGran Bretagna$xPolitica estera$y1942-1949 907 $a.b12743781$b02-04-14$c16-04-04 912 $a991001263069707536 945 $aLE009 STOR.890-140$g1$i2009000362970$lle009$o-$pE0.00$q-$rl$s- $t0$u0$v0$w0$x0$y.i13280533$z16-04-04 996 $aDiplomacy of pragmatism$9265891 997 $aUNISALENTO 998 $ale009$b16-04-04$cm$da $e-$feng$guik$h4$i1